000 00524nam a22001697a 4500
003 OSt
005 20260305110600.0
008 260305b |||||||| |||| 00| 0 eng d
040 _cMRSPTU
041 _aEnglish
100 _aChitresh, Supervisor: Dr. Manjeet Bansal
245 _aUse of Crumb Rubber Used as Fine Aggregates in Concrete
260 _bDepartment of Civil Engg. MRSPTU, Bathinda
_c2019
650 _aCivil Engineering
856 _uhttp://163.47.215.52:8080/jspui/handle/123456789/284
942 _2ddc
_cTH
_n0
999 _c11070
_d11070